months of the year by how many days they have - Statistics

General Stats
  • This quiz has been taken 86 times
  • The average score is 12 of 12
Answer Stats
Hint Answer % Correct
31 January
100%
31 December
99%
31 July
99%
30 June
99%
31 March
99%
31 May
99%
30 November
99%
30 October
99%
30 September
99%
30 April
97%
31 August
97%
28 February
96%
No matching quizzes found
Score Distribution
Percent of People with Each Score
Percentile by Number Answered
Your Score History
You have not taken this quiz